000
00291 a2200121 4500
001
146573
040
_c
Escola São Tomás de Aquino
100
_a
PORTO, Cristina
240
1
0
_a
Catarina malagueta
_l
por
245
1
0
_a
Catarina malagueta
697
_a
*LITERATURA INFANTO JUVENIL
942
_c
BK
999
_c
146573
_d
146573